000 00739nam a2200229 a 4500
008 061103s2006||||xo g 000 f slo d
020 _a8055112509
_q(viaz.)
_c229
040 _aSNK
_bslo
_cSNK
_eAACR2
041 1 _aslo
_heng
044 _axo
_cSK
072 7 _a821.111(73)-3
_xAmerická próza
_2konspekt
080 _a821.111(73)-31
_22001
080 _a(0:82-312.5)
_22001
100 1 _aSteel, Danielle,
_d1947-
240 1 4 _aThe house
_lSlovensky
245 1 0 _aDom
_cDanielle Stel ; [z anglického originálu preložila Tamara Chovanová]
250 _a[1.] slov. vyd.
260 _aBratislava
_bIkar
_c2006
300 _a262 s.
_c21 cm
700 1 _aChovanová, Tamara,
_d1953-
_4trl
765 0 _tHouse. Slovensky
_aSteel, Danielle, 1947-
999 _c8136
_d8136